| 000 | 00631nam a22001817a 4500 | ||
|---|---|---|---|
| 999 |
_c524468 _d524468 |
||
| 003 | NUST | ||
| 038 | _aWaseem | ||
| 082 |
_a920 _bABB |
||
| 100 |
_aAbbas, Saiqa _915285 |
||
| 245 |
_aSharif Tariq ki aap Biti / _b(Zindgi Jabr e Musalsal ky Hwaly Sy) _cSaiqa Abbas |
||
| 260 |
_aMir pur : _bKarnal Masood Tariq, _c2011. |
||
| 300 | _a188 p. ; | ||
| 500 | _aHard cover. | ||
| 880 |
_6100-01\r _aصاعقہ عباس |
||
| 880 |
_6245-02\r _a(شریف طارق کی آپ بیتی (زندگی جبرِمسلسل کے حوالے سے / |
||
| 880 |
_6260-03\r _aمیرپور : _bکرنل مسعود طارق, _c۲۰۱۱. |
||
| 942 |
_2ddc _cBK |
||